书目信息 |
| 题名: |
家用摄录像机故障速修2800例
|
|
| 作者: | 何建军 著 | |
| 分册: | ||
| 出版信息: | 长春 东北师范大学出版社 1999.04 |
|
| 页数: | 379页 | |
| 开本: | 16开 | |
| 丛书名: | ||
| 单 册: | ||
| 中图分类: | TN946.7 | |
| 科图分类: | ||
| 主题词: | 录象系统 | |
| 电子资源: | ||
| ISBN: | 7-5602-1185-2 | |
| 000 | 00580nam0 2200193 45 | |
| 001 | 1009082358 | |
| 005 | 20100908233625.3 | |
| 010 | @a7-5602-1185-2@d44.00元 | |
| 100 | @a20100908d1999 km y0chiy0120 ea | |
| 101 | 0 | @achi |
| 105 | @a z 000yy | |
| 200 | 1 | @a家用摄录像机故障速修2800例@AJia Yong She Lu Xiang Ji Gu Zhang Su Xiu 2800 Li@f何建军著@FHe Jian Jun Zhu |
| 210 | @a长春@c东北师范大学出版社@d1999.04 | |
| 215 | @a379页@d16开 | |
| 606 | 0 | @a录象系统 |
| 690 | @aTN946.7@v3 | |
| 701 | 0 | @a何建军@4著 |
| 801 | @aCN@bPftUser@c20100908 | |
| 905 | @b134272-276@dTN946.7@eH347@f5 | |
| 家用摄录像机故障速修2800例/何建军著.-长春:东北师范大学出版社,1999.04 |
| 379页;16开 |
| ISBN 7-5602-1185-2:44.00元 |
| ● |
| 相关链接 |
|
|
|
正题名:家用摄录像机故障速修2800例
索取号:TN946.7/H347
 
预约/预借
| 序号 | 登录号 | 条形码 | 馆藏地/架位号 | 状态 | 备注 |
| 1 | 134272 | 201342724 | 自科二线404/404自科库 23排4列6层/ [索取号:TN946.7/H347] | 在馆 | |
| 2 | 134273 | 201342733 | 自科二线504/504自科库 8排1列4层/ [索取号:TN946.7/H347] | 在馆 | |
| 3 | 134274 | 201342742 | 自科二线404/404自科库 23排4列6层/ [索取号:TN946.7/H347] | 在馆 | |
| 4 | 134275 | 201342751 | 自科二线504/504自科库 8排1列4层/ [索取号:TN946.7/H347] | 在馆 | |
| 5 | 134276 | 201342760 | 自科二线404/404自科库 23排4列6层/ [索取号:TN946.7/H347] | 在馆 |